171 câu trả lời hữu ích nhất khi soạn thảo và in ấn văn bản

Uloženo v:
Podrobná bibliografie
Hlavní autor: Phạm, Ngọc Cường
Médium: Kniha
Jazyk:Undetermined
Vydáno: Hà Nội Hải Phòng 2004
Témata:
Tagy: Přidat tag
Žádné tagy, Buďte první, kdo otaguje tento záznam!
Thư viện lưu trữ: Trung tâm Học liệu Trường Đại học Cần Thơ
LEADER 00611nam a2200193Ia 4500
001 CTU_74096
008 210402s9999 xx 000 0 und d
020 |b 12000 
082 |a 005.15 
082 |b C516 
100 |a Phạm, Ngọc Cường 
245 0 |a 171 câu trả lời hữu ích nhất khi soạn thảo và in ấn văn bản 
245 0 |c Phạm Ngọc Cường, Đàm Bạch Long 
260 |a Hà Nội 
260 |b Hải Phòng 
260 |c 2004 
650 |a Word ( computer programs ) 
904 |i Mai Loan 
980 |a Trung tâm Học liệu Trường Đại học Cần Thơ